Statistics for FC Bayern Munich's Ideal Starting 11

Click here to take the quiz!

General Stats

  • This quiz has been taken 87 times
  • The average score is 9 of 11

Answer Stats

PositionPlayer% Correct
GKNeuer
99%
CBBoateng
96%
LBAlaba
93%
RWRobben
93%
CAMMuller
91%
LWRibery
91%
STLewandowski
89%
CBHummels
88%
CMThiago
84%
RBRafinha
73%
CMVidal
48%

Score Distribution

Percentile by Number Answered

Percent of People with Each Score

Your Score History

You have not taken this quiz